The Lloyd William Taylor manual of advanced undergraduate experiments in physics / (Record no. 8973)
[ view plain ]
| 000 -LEADER | |
|---|---|
| fixed length control field | 01029nam a22002651 4500 |
| 001 - CONTROL NUMBER | |
| control field | 8973 |
| 003 - CONTROL NUMBER IDENTIFIER | |
| rucl marc code | BD-RjUL |
| 005 - DATE AND TIME OF LATEST TRANSACTION | |
| control field | 20211208234706.0 |
| 008 - FIXED-LENGTH DATA ELEMENTS--GENERAL INFORMATION | |
| fixed length control field | 140120t1959 e a b 001 0 eng |
| 035 ## - SYSTEM CONTROL NUMBER | |
| System control number | (BD-RjUL)9018 |
| 040 ## - CATALOGING SOURCE | |
| Original cataloging agency | DLC/ICU |
| Transcribing agency | ICU |
| Modifying agency | DLC |
| -- | BD-RJUL |
| Language of cataloging | eng |
| 041 ## - LANGUAGE CODE | |
| Language code of text/sound track or separate title | eng |
| 082 00 - DEWEY DECIMAL CLASSIFICATION NUMBER | |
| Classification number | 530.72 |
| Edition number | 16 |
| Author mark and year | BRL 1959 |
| 100 1# - MAIN ENTRY--PERSONAL NAME | |
| Personal name | Brown, Thomas Benjamin, |
| Dates associated with a name | 1892- |
| 9 (RLIN) | 27854 |
| 245 04 - TITLE STATEMENT | |
| Title | The Lloyd William Taylor manual of advanced undergraduate experiments in physics / |
| Statement of responsibility, etc. | [by] Thomas Benjamin Brown, editor-in-chief [and others]. |
| 260 ## - PUBLICATION, DISTRIBUTION, ETC. (IMPRINT) | |
| Place of publication, distribution, etc. | Reading, Mass. : |
| Name of publisher, distributor, etc. | Addison-Wesley Pub. Co., |
| Date of publication, distribution, etc. | c1959 |
| 300 ## - PHYSICAL DESCRIPTION | |
| Pagination | 550 p. : |
| Illustrations | illus. ; |
| Size | 24 cm. |
| 500 ## - GENERAL NOTE | |
| General note | Sponsored by the American Association of Physics Teachers as a memorial to the late Lloyd William Taylor. |
| 504 ## - BIBLIOGRAPHY, ETC. NOTE | |
| Bibliography, etc | Includes bibliographical reference and index. |
| 600 10 - SUBJECT ADDED ENTRY--PERSONAL NAME | |
| Personal name | Taylor, Lloyd William, |
| Dates associated with a name | 1893-1948. |
| 650 #0 - SUBJECT ADDED ENTRY--TOPICAL TERM | |
| Topical term or geographic name as entry element | Physics |
| General subdivision | Experiments. |
| 9 (RLIN) | 27856 |
| 710 2# - ADDED ENTRY--CORPORATE NAME | |
| Corporate name or jurisdiction name as entry element | American Association of Physics Teachers. |
| 9 (RLIN) | 27857 |
| 942 ## - ADDED ENTRY ELEMENTS (KOHA) | |
| Source of classification or shelving scheme | Dewey Decimal Classification |
| Koha item type | Books |
| Lost status | Source of classification or shelving scheme | Damaged status | Not for loan | Collection code | Permanent Location | Current Location | Shelving location | Date acquired | Source of acquisition | Cost, normal purchase price | Total Checkouts | Full call number | Date last seen | Copy number | Koha item type |
|---|---|---|---|---|---|---|---|---|---|---|---|---|---|---|---|
| Dewey Decimal Classification | Non-fiction | Central Library, University of Rajshahi | Central Library, University of Rajshahi | 13/02/1963 | Zeitlinger | 94.00 | 530.72 BRL 1959 | 20/01/2014 | C-5 | Books | |||||
| Dewey Decimal Classification | Not For Loan | Non-fiction | Central Library, University of Rajshahi | Central Library, University of Rajshahi | Reading Room | 13/02/1963 | Zeithinger | 94.00 | 530.72 BRL 1959 | 08/05/2017 | C-1 | Books | |||
| Dewey Decimal Classification | Non-fiction | Central Library, University of Rajshahi | Central Library, University of Rajshahi | 13/02/1963 | Zeithinger | 94.00 | 530.72 BRL 1959 | 08/05/2017 | C-2 | Books | |||||
| Dewey Decimal Classification | Non-fiction | Central Library, University of Rajshahi | Central Library, University of Rajshahi | 13/02/1963 | Zeithinger | 94.00 | 530.72 BRL 1959 | 08/05/2017 | C-3 | Books |